000 00845nam a22002417a 4500
005 20170124105926.0
010 _aA-934393
020 _c345.00
_a8175100585
035 _aA-934393
037 _bCen Lib/Ret
040 _aDPL
_bEN
082 _a308.5
100 _aVijayan, Abraham
_96717
245 _aCaste, class and agrarian relations in Kerala /
_cby Abraham Vijayan
260 _aNew Delhi
_bReliance Publishing House
_c1997
270 _a3026/7H, Ranjit Nagar
_bNew Delhi
_e110008
300 _avii,214p.
_c21cm(Hb)
650 _aCaste -- India -- Kerala
_96718
650 _aSocial classes -- India -- Kerala
_96719
650 _aजाति - भारत - केरला
_96720
650 _a सामाजिक वर्गों - भारत - केरला
_96721
942 _2ddc
_cEN
_h308.5
_mVIJ
999 _c123535
_d123535